Evaluation of Business Ethics in Relation to Macro- and Meso- Level Interaction

Etické kódexy vo verejnom a podnikateľskom prostredí. Základné charakteristiky etických kódexov na Slovensku. Komparácia slovenského a švajčiarskeho modelu etických kódexov. Návrhy a odporúčania na skvalitnenie úrovne etiky vo verejnom aj súkromnom sektore.

Salvato in:
Dettagli Bibliografici
Autore principale: Lajoš, Branislav
Altri autori: Urbančíková, Kristína
Natura: Capitolo di libro
Lingua:inglese
Soggetti:
Tags: Aggiungi Tag
Nessun Tag, puoi essere il primo ad aggiungerne!!

MARC

LEADER 00000nla a2200000 4500
001 0183715
005 20240502083432.2
041 0 |a eng 
044 |a CH 
245 1 0 |a Evaluation of Business Ethics in Relation to Macro- and Meso- Level Interaction  |c Branislav Lajoš, Kristína Urbančíková 
520 |a Etické kódexy vo verejnom a podnikateľskom prostredí. Základné charakteristiky etických kódexov na Slovensku. Komparácia slovenského a švajčiarskeho modelu etických kódexov. Návrhy a odporúčania na skvalitnenie úrovne etiky vo verejnom aj súkromnom sektore. 
610 2 0 |a etika podnikateľská 
610 2 0 |a sektor verejný 
610 2 0 |a sektor súkromný 
610 2 0 |a kódexy etické 
610 2 0 |a Slovensko 
610 2 0 |a Švajčiarsko 
100 1 |a Lajoš, Branislav 
700 1 |a Urbančíková, Kristína